Mandingo : romanzo /

Shranjeno v:
Bibliografske podrobnosti
Glavni avtor: Onstott, Kyle (Author)
Format: Knjiga
Jezik:italijanščina
Izdano: Milano : Feltrinelli, [1967]
Izdaja:3. ed
Oznake: Označite
Brez oznak, prvi označite!

MARC

LEADER 00000nam a22000007i 4500
001 IT\ICCU\UBO\2238628
003 ItRI
005 20260115232318.0
008 030703s1967 it |||||| ||||| |||||c
040 |b ita  |c importazione bologna sebina 
041 7 |a ita  |2 ISO-639-2 
100 1 |a Onstott, Kyle  |0 IT\ICCU\MODV\064657  |4 aut 
240 1 0 |a Mandingo. -  |3 IT\ICCU\RAV\0149777  |9 Onstott, Kyle 
245 1 0 |a Mandingo :  |b romanzo /  |c Kyle Onstott. 
250 |a 3. ed 
260 |a Milano :  |b Feltrinelli,  |c [1967] 
300 |a 469 p. ;  |c 22 cm 
500 |a Trad. di Attilio Veraldi. 
942 |2 ddc  |c BK  |n 0 
952 |0 0  |1 0  |4 0  |6 DOC_813_540000000000000_ANS  |7 0  |9 24001  |a BO  |b BO  |d 2026-01-15  |i 1962  |l 0  |o DOC 813.54 ANS  |p BO1962  |r 2026-01-15 23:23:18  |w 2026-01-15  |x [Sebina 5] [1 v.]  |y BK  |z 1 v. 
999 |c 20434  |d 20434